[Event "EU-ch U16 31st"]
[Site "Mamaia"]
[Date "2023.09.06"]
[Round "2"]
[White "Macias Pino, Diego"]
[Black "Hald Falkesgaard, Jeppe"]
[Result "1-0"]
[WhiteElo "2438"]
[BlackElo "2152"]
[PlyCount "109"]
[EventDate "2023.09.05"]
[EventType "swiss"]
[EventRounds "9"]
[EventCountry "ROU"]
[SourceTitle "EXT 2024"]
[Source "ChessBase"]
[SourceDate "2023.10.10"]
[SourceVersion "1"]
[SourceVersionDate "2023.10.10"]
[SourceQuality "1"]

1. e4 c5 2. Nf3 Nc6 3. d4 cxd4 4. Nxd4 e5 5. Nb5 d6 6. c4 Be6 7. Be3 g6 8. N1c3 a6 9. Na3 Bg7 10. Nd5 Bxd5 11. cxd5 Nd4 12. Bd3 Nf6 13. 0-0 0-0 14. Rc1 Nd7 15. Nc4 Qe7 16. Na5 Nc5 17. Bb1 f5 18. exf5 gxf5 19. f3 b5 20. Nc6 Qf6 21. f4 Nxc6 22. dxc6 e4 23. Qd5+ Kh8 24. b3 Rac8 25. Rfd1 Ne6 26. Kh1 Rfd8 27. g4 Nc7 28. Qxf5 Qxf5 29. gxf5 d5 30. Bb6 Re8 31. Bxc7 Rxc7 32. Rxd5 e3 33. Bd3 Bh6 34. f6 Bxf4 35. Rd7 Rf8 36. Rg1 Rxd7 37. cxd7 Bc7 38. Rg7 Rxf6 39. Rxh7+ Kg8 40. Re7 Rd6 41. Re8+ Kf7 42. Bf5 Rd2 43. Rxe3 Rxh2+ 44. Kg1 Rd2 45. Bd3 Bd8 46. Kf1 Bb6 47. a3 Bc7 48. Ke1 Rg2 49. Re8 Rg8 50. Kd2 Bd8 51. Be4 Bg5+ 52. Kd3 Rf8 53. Kd4 Be7 54. Bg6+ Kxg6 55. Rxf8 1-0

[Event "Copenhagen Bronshoj-ch"]
[Site "Copenhagen"]
[Date "2023.05.11"]
[Round "7"]
[White "Hald Falkesgaard, Jeppe"]
[Black "Petersen, Steen Brustrup"]
[Result "0-1"]
[WhiteElo "2124"]
[BlackElo "2064"]
[PlyCount "54"]
[EventDate "2023.03.09"]
[EventType "tourn"]
[EventRounds "9"]
[EventCountry "DEN"]
[SourceTitle "EXT 2024"]
[Source "ChessBase"]
[SourceDate "2023.10.10"]
[SourceVersion "1"]
[SourceVersionDate "2023.10.10"]
[SourceQuality "1"]

1. c4 e5 2. Nc3 Nc6 3. Nf3 g6 4. d4 exd4 5. Nxd4 Bg7 6. Nxc6 bxc6 7. e4 Ne7 8. Be2 0-0 9. Be3 d6 10. Bd4 f6 11. Qd2 c5 12. Be3 f5 13. Rd1 fxe4 14. Nxe4 Bb7 15. Bf3 Rxf3 16. gxf3 Qf8 17. Rg1 Nf5 18. Ng5 Re8 19. Rg4 Nd4 20. Kf1 Nxf3 21. Nxf3 Qxf3 22. Rf4 Qg2+ 23. Ke2 Bh6 24. Kd3 Bxf4 25. Bxf4 Qf3+ 26. Be3 Be4+ 27. Kc3 Rb8 0-1

[Event "DEN-ch cand"]
[Site "Svendborg"]
[Date "2023.04.05"]
[Round "3"]
[White "Hald Falkesgaard, Jeppe"]
[Black "Hansen, Soren Bech"]
[Result "0-1"]
[WhiteElo "2062"]
[BlackElo "2237"]
[PlyCount "98"]
[EventDate "2023.04.05"]
[EventType "swiss"]
[EventRounds "7"]
[EventCountry "DEN"]
[SourceTitle "CBM 213 Extra"]
[Source "ChessBase"]
[SourceDate "2023.05.31"]
[SourceVersion "1"]
[SourceVersionDate "2023.05.31"]
[SourceQuality "1"]

1. d4 Nf6 2. c4 e6 3. Nf3 b6 4. a3 Ba6 5. e3 d5 6. Nbd2 Be7 7. Bd3 0-0 8. 0-0 Nbd7 9. b4 c5 10. Qb3 cxd4 11. Nxd4 Ne5 12. Be2 Rc8 13. cxd5 Bxe2 14. Nxe2 Qxd5 15. Qxd5 Nxd5 16. Ne4 f5 17. N4g3 Bf6 18. Nd4 Nc6 19. Bb2 Nxd4 20. Bxd4 Bxd4 21. exd4 Rc4 22. Rfd1 Rfc8 23. Ne2 Kf7 24. Rac1 Nc3 25. Nxc3 Rxc3 26. Rxc3 Rxc3 27. g3 Rxa3 28. d5 exd5 29. Rxd5 Ke6 30. Rd8 Rb3 31. Ra8 Rxb4 32. Rxa7 Kf6 33. Rb7 h6 34. Kg2 g5 35. Rh7 Kg6 36. Rc7 h5 37. Rc6+ Kg7 38. h4 gxh4 39. gxh4 b5 40. Rb6 Rg4+ 41. Kf3 b4 42. Ke3 Re4+ 43. Kf3 Rxh4 44. Kg3 Rg4+ 45. Kh3 Kf7 46. f3 Rc4 47. Kg3 h4+ 48. Kh3 Ke7 49. Rb7+ Kd6 0-1

[Event "DEN-ch cand"]
[Site "Svendborg"]
[Date "2023.04.05"]
[Round "1"]
[White "Hald Falkesgaard, Jeppe"]
[Black "Kistrup, Nicolai"]
[Result "0-1"]
[WhiteElo "2062"]
[BlackElo "2300"]
[PlyCount "42"]
[EventDate "2023.04.05"]
[EventType "swiss"]
[EventRounds "7"]
[EventCountry "DEN"]
[SourceTitle "CBM 213 Extra"]
[Source "ChessBase"]
[SourceDate "2023.05.31"]
[SourceVersion "1"]
[SourceVersionDate "2023.05.31"]
[SourceQuality "1"]

1. d4 Nf6 2. c4 e6 3. Nf3 d5 4. Nc3 c5 5. e3 Nc6 6. a3 dxc4 7. Bxc4 a6 8. 0-0 b5 9. Ba2 Bb7 10. dxc5 Bxc5 11. b4 Bd6 12. Bb2 0-0 13. Qe2 Ne5 14. Nd4 Rc8 15. e4 Nc4 16. Bxc4 Rxc4 17. Ndxb5 axb5 18. e5 Ng4 19. exd6 Qxd6 20. f4 Rxf4 21. g3 Qd4+ 0-1

[Event "DEN-ch cand"]
[Site "Svendborg"]
[Date "2023.04.05"]
[Round "2"]
[White "Iskos, Lukas"]
[Black "Hald Falkesgaard, Jeppe"]
[Result "0-1"]
[WhiteElo "2013"]
[BlackElo "2062"]
[PlyCount "188"]
[EventDate "2023.04.05"]
[EventType "swiss"]
[EventRounds "7"]
[EventCountry "DEN"]
[SourceTitle "CBM 213 Extra"]
[Source "ChessBase"]
[SourceDate "2023.05.31"]
[SourceVersion "1"]
[SourceVersionDate "2023.05.31"]
[SourceQuality "1"]

1. d4 Nf6 2. Nf3 g6 3. g3 Bg7 4. Bg2 0-0 5. 0-0 d6 6. c4 c5 7. Nc3 Nc6 8. dxc5 dxc5 9. Qxd8 Rxd8 10. Be3 Nd4 11. Rfd1 Ng4 12. Bxd4 cxd4 13. e3 Be6 14. Nxd4 Bxc4 15. b3 Ba6 16. Rac1 e6 17. b4 Bc4 18. Na4 Bd5 19. Nc5 b6 20. Na6 Bxg2 21. Kxg2 Rac8 22. h3 Nf6 23. Nb5 Rxd1 24. Rxc8+ Bf8 25. Kf3 Rd2 26. a4 Nd7 27. e4 Ra2 28. Nc3 Ra3 29. Ke2 Kg7 30. Kd2 Ne5 31. Rc7 Bd6 32. Rxa7 Nf3+ 33. Kc2 Be5 34. Rc7 Bxc7 35. Nxc7 Nd4+ 36. Kd3 Nf3 37. Kc2 Nd4+ 38. Kd3 Nc6 39. Kc4 Ne5+ 40. Kd4 Nf3+ 41. Kc4 Ne5+ 42. Kd4 Rb3 43. Na6 Nf3+ 44. Kd3 Kf8 45. Kc2 Nd4+ 46. Kd3 Ne2 47. Kxe2 Rxc3 48. Nb8 Ke7 49. Kd2 Ra3 50. Nc6+ Kd6 51. Nd8 f5 52. exf5 exf5 53. a5 bxa5 54. bxa5 Kd7 55. Nb7 Kc7 56. Nc5 Rxa5 57. Ne6+ Kd6 58. Ng5 Ra7 59. Ke3 h6 60. Nf3 Ra3+ 61. Ke2 Ke6 62. Nd4+ Kd5 63. Nf3 Ra2+ 64. Ke3 Ra4 65. Nh4 Ra6 66. Kd3 Ke5 67. Nf3+ Kf6 68. h4 Re6 69. Nd4 Re4 70. Ne2 Ra4 71. Ke3 Ra3+ 72. Kd2 Ke5 73. Nf4 g5 74. Ng6+ Kf6 75. h5 Ra1 76. Nf8 Rh1 77. Nd7+ Ke7 78. Ne5 Rxh5 79. Ke3 Rh1 80. Nd3 Ra1 81. Kd4 Kd6 82. Ke3 Ra3 83. Kd4 Ra4+ 84. Ke3 Kd5 85. f4 Ra3 86. Ke2 Kd4 87. Ne5 Rxg3 88. Nf7 gxf4 89. Nxh6 Ke4 90. Kf2 Rg6 91. Nf7 f3 92. Kf1 Ke3 93. Ne5 Ra6 94. Nc4+ Kf4 0-1

[Event "Copenhagen Bronshoj-ch"]
[Site "Copenhagen"]
[Date "2023.03.30"]
[Round "4"]
[White "Gjesme, Marius Enevold"]
[Black "Hald Falkesgaard, Jeppe"]
[Result "1-0"]
[WhiteElo "2083"]
[BlackElo "2124"]
[PlyCount "101"]
[EventDate "2023.03.09"]
[EventType "tourn"]
[EventRounds "9"]
[EventCountry "DEN"]
[SourceTitle "EXT 2024"]
[Source "ChessBase"]
[SourceDate "2023.10.10"]
[SourceVersion "1"]
[SourceVersionDate "2023.10.10"]
[SourceQuality "1"]

1. e4 c5 2. Nf3 e6 3. c3 Nf6 4. e5 Nd5 5. d4 cxd4 6. cxd4 Nc6 7. Bc4 d6 8. 0-0 Be7 9. Qe2 0-0 10. Nc3 Nxc3 11. bxc3 dxe5 12. dxe5 Qa5 13. Bd2 Rd8 14. Rfe1 b6 15. Qe4 Bb7 16. Ng5 g6 17. Qf3 Rf8 18. Qh3 Bxg5 19. Bxg5 Nxe5 20. Bf6 Nd7 21. Be7 Rfe8 22. Rxe6 Rac8 23. Bb4 Qa4 24. Bb3 Qb5 25. Rd6 Ne5 26. f4 Nc4 27. a4 Qa6 28. Rd4 b5 29. f5 Re2 30. fxg6 hxg6 31. Rg4 Qb6+ 32. Kh1 Rce8 33. Qh4 Qe3 34. h3 Qd2 35. Rg1 Qd3 36. axb5 Ne5 37. Rg3 Qf5 38. Qg5 Qxg5 39. Rxg5 Kg7 40. Bd1 Rh8 41. Rg3 Rd2 42. Kh2 Rhd8 43. Re3 Nc4 44. Ree1 Nb2 45. Bb3 Nd3 46. Re7 Bd5 47. Ba5 Bxb3 48. Bxd8 Bc4 49. b6 Nf4 50. Bc7 Nd5 51. b7 1-0

[Event "Walsrode Chessemy op-A"]
[Site "Walsrode"]
[Date "2023.03.04"]
[Round "1"]
[White "Ruddat, Jarne"]
[Black "Hald Falkesgaard, Jeppe"]
[Result "0-1"]
[WhiteElo "1777"]
[BlackElo "2124"]
[PlyCount "74"]
[EventDate "2023.03.04"]
[EventType "swiss"]
[EventRounds "9"]
[EventCountry "GER"]
[SourceTitle "CBM 213 Extra"]
[Source "ChessBase"]
[SourceDate "2023.05.31"]
[SourceVersion "1"]
[SourceVersionDate "2023.05.31"]
[SourceQuality "1"]

1. e4 c5 2. Nf3 e6 3. d4 cxd4 4. Nxd4 Nc6 5. Nc3 Qc7 6. Be2 a6 7. 0-0 Nf6 8. Be3 Be7 9. f4 d6 10. Kh1 Nxd4 11. Qxd4 0-0 12. Rad1 Nd7 13. Bf3 b5 14. e5 d5 15. Nxd5 exd5 16. Bxd5 Rb8 17. e6 Nf6 18. exf7+ Kh8 19. Bb3 Bb7 20. Qe5 Qc6 21. Rd2 Bb4 22. c3 Ng4 23. Qd4 Ba5 24. Qc5 Nxe3 25. Qxe3 Rbd8 26. Rfd1 Bb6 27. Qe2 Rxd2 28. Rxd2 Qc5 29. Rd1 Bc7 30. Rd4 g6 31. Qf2 Kg7 32. Qd2 Bb6 33. Qc1 Rd8 34. Rxd8 Bxg2+ 35. Kxg2 Qf2+ 36. Kh3 Qf3+ 37. Kh4 Bxd8# 0-1

[Event "Nordsjalland Weekend op-B"]
[Site "Allerod"]
[Date "2023.01.08"]
[Round "5"]
[White "Hald Falkesgaard, Jeppe"]
[Black "Lauritsen, Martin Lee"]
[Result "1-0"]
[WhiteElo "2129"]
[BlackElo "2058"]
[PlyCount "93"]
[EventDate "2023.01.06"]
[EventType "swiss"]
[EventRounds "5"]
[EventCountry "DEN"]
[SourceTitle "EXT 2024"]
[Source "ChessBase"]
[SourceDate "2023.10.10"]
[SourceVersion "1"]
[SourceVersionDate "2023.10.10"]
[SourceQuality "1"]

1. c4 e5 2. Nc3 Nc6 3. Nf3 Nf6 4. e4 Bc5 5. Nxe5 Nxe5 6. d4 Qe7 7. dxc5 Qxc5 8. Be3 Qe7 9. Bg5 c6 10. Be2 h6 11. Be3 d6 12. Qc2 Ng6 13. f4 0-0 14. 0-0-0 Bg4 15. Bf3 a6 16. c5 dxc5 17. e5 Bxf3 18. gxf3 Rfd8 19. Rde1 Nd5 20. Nxd5 cxd5 21. Rhg1 d4 22. Bd2 d3 23. Qc3 Nh4 24. Rg4 h5 25. Rg3 Nf5 26. Rg5 g6 27. e6 Kh7 28. Qe5 f6 29. Rxh5+ Kg8 30. Qxf5 gxf5 31. Rg1+ Qg7 32. Rxg7+ Kxg7 33. Rxf5 Kg6 34. Rxc5 f5 35. Bc3 Rac8 36. Re5 Rc6 37. h4 Re8 38. e7 Kf7 39. Rxf5+ Kxe7 40. Kd2 Rd8 41. h5 b6 42. Rg5 Kf7 43. f5 Rh6 44. f6 Ke6 45. f4 a5 46. Re5+ Kxf6 47. Re8+ 1-0

[Event "Copenhagen GoAudit op"]
[Site "Copenhagen"]
[Date "2022.11.04"]
[Round "2"]
[White "Brorsen, Jacob Abildlund"]
[Black "Hald Falkesgaard, Jeppe"]
[Result "1-0"]
[WhiteElo "2201"]
[BlackElo "1935"]
[PlyCount "57"]
[EventDate "2022.11.04"]
[EventType "swiss"]
[EventRounds "7"]
[EventCountry "DEN"]
[SourceTitle "CBM 211 Extra"]
[Source "ChessBase"]
[SourceDate "2023.01.31"]
[SourceVersion "1"]
[SourceVersionDate "2023.01.31"]
[SourceQuality "1"]

1. c4 c5 2. Nc3 g6 3. Nf3 Bg7 4. d4 cxd4 5. Nxd4 Nc6 6. Nc2 Nf6 7. e4 0-0 8. Be2 d6 9. 0-0 Be6 10. Ne3 Rc8 11. Rb1 a6 12. b3 Qa5 13. Bb2 Nd7 14. Rc1 Rfe8 15. Kh1 Na7 16. f4 Nc5 17. f5 Bd7 18. f6 Bxf6 19. Rxf6 exf6 20. Ned5 Qd8 21. b4 Ne6 22. Qf1 Nc6 23. Nxf6+ Kg7 24. Ncd5 Ne5 25. c5 Bc6 26. cxd6 Bxd5 27. Rxc8 Qxf6 28. Rxe8 Bc6 29. Rg8+ 1-0

[Event "DEN-ch U14 rapid"]
[Site "Odense"]
[Date "2022.09.30"]
[Round "2"]
[White "Hald Falkesgaard, Jeppe"]
[Black "Mihaila, Radu Stefan"]
[Result "1-0"]
[WhiteElo "2048"]
[BlackElo "1471"]
[PlyCount "47"]
[EventDate "2022.09.30"]
[EventType "swiss"]
[EventRounds "5"]
[EventCountry "DEN"]
[SourceTitle "EXT 2024"]
[Source "ChessBase"]
[SourceDate "2023.10.10"]
[SourceVersion "1"]
[SourceVersionDate "2023.10.10"]
[SourceQuality "1"]

1. d4 Nf6 2. c4 e6 3. Nc3 Bb4 4. e3 0-0 5. Bd3 d5 6. Nge2 b6 7. 0-0 Bb7 8. cxd5 Nxd5 9. e4 Nxc3 10. bxc3 Be7 11. Ng3 c5 12. Be3 cxd4 13. cxd4 Nc6 14. e5 f5 15. Qb3 f4 16. Qxe6+ Kh8 17. Qh3 Bh4 18. Nf5 Rxf5 19. Qxf5 g6 20. Qxf4 Qe7 21. g3 g5 22. Qf6+ Qxf6 23. exf6 Nb4 24. Bc4 1-0

[Event "Nordic-ch U15"]
[Site "Helsingborg"]
[Date "2022.08.27"]
[Round "3"]
[White "Hald Falkesgaard, Jeppe"]
[Black "Religa, Marek"]
[Result "1-0"]
[WhiteElo "1962"]
[BlackElo "1653"]
[PlyCount "156"]
[EventDate "2022.08.26"]
[EventType "swiss"]
[EventRounds "6"]
[EventCountry "SWE"]
[SourceTitle "EXT 2023"]
[Source "ChessBase"]
[SourceDate "2022.10.05"]
[SourceVersion "1"]
[SourceVersionDate "2022.10.05"]
[SourceQuality "1"]

1. c4 e5 2. Nc3 c5 3. Nf3 Nc6 4. g3 g6 5. Bg2 Bg7 6. d3 Nge7 7. Ne4 d6 8. Bg5 h6 9. Bf6 Bxf6 10. Nxf6+ Kf8 11. 0-0 Be6 12. Ne1 Kg7 13. Nd5 Rb8 14. Qd2 f5 15. Nc2 Bf7 16. Nxe7 Qxe7 17. b4 Nd4 18. b5 Nxc2 19. Qxc2 a5 20. b6 Rhf8 21. Rab1 Be8 22. Qc3 Ra8 23. Rb2 f4 24. Be4 g5 25. Kg2 Bd7 26. f3 h5 27. Rg1 a4 28. Kh1 Rab8 29. gxf4 Rxf4 30. e3 Rff8 31. Rbg2 Kh6 32. Rxg5 Qxg5 33. Rxg5 Kxg5 34. Bd5 Bc6 35. f4+ Kf6 36. Bxc6 bxc6 37. fxe5+ Ke6 38. exd6 Rxb6 39. Qg7 Rbb8 40. Qe7+ Kf5 41. Qe4+ Kg5 42. h4+ Kh6 43. Qe6+ Kh7 44. Qe7+ Kg8 45. Qg5+ Kf7 46. Qf5+ Kg7 47. Qg5+ Kf7 48. Qxh5+ Ke6 49. Qg6+ Kd7 50. h5 Rg8 51. Qf6 Rbe8 52. e4 Rgf8 53. Qg6 Rg8 54. Qf5+ Kxd6 55. h6 Ref8 56. h7 Rh8 57. e5+ Kc7 58. Qg6 Kb6 59. a3 Kc7 60. Kg2 Kb6 61. e6 Kc7 62. Qg7+ Kb6 63. Kg3 Ka6 64. Kg4 Kb6 65. e7 Re8 66. Kg5 Kc7 67. Kf6 Kd7 68. Qg4+ Kc7 69. Qf4+ Kd7 70. Qf5+ Kc7 71. Kf7 Kd6 72. Qe6+ Kc7 73. Kg7 Rc8 74. Qg8 Kd7 75. Qxh8 Rxh8 76. Kxh8 Kxe7 77. Kg7 Ke6 78. h8Q Ke5 1-0

[Event "DEN-ch cand"]
[Site "Svendborg"]
[Date "2022.04.15"]
[Round "4"]
[White "Hald Falkesgaard, Jeppe"]
[Black "Christensen, Janus"]
[Result "0-1"]
[WhiteElo "1947"]
[BlackElo "2125"]
[PlyCount "64"]
[EventDate "2022.04.10"]
[EventType "swiss"]
[EventRounds "7"]
[EventCountry "DEN"]
[SourceTitle "CBM 207 Extra"]
[Source "ChessBase"]
[SourceDate "2022.05.31"]
[SourceVersion "1"]
[SourceVersionDate "2022.05.31"]
[SourceQuality "1"]

1. d4 d5 2. c4 c6 3. Nc3 e5 4. dxe5 d4 5. Ne4 Qa5+ 6. Bd2 Qxe5 7. Ng3 c5 8. Nf3 Qc7 9. e3 Nc6 10. exd4 cxd4 11. Bd3 Nf6 12. 0-0 Be7 13. Re1 0-0 14. a3 a5 15. h3 Bd6 16. Ne4 Nxe4 17. Bxe4 h6 18. Rc1 Rd8 19. c5 Bf8 20. b4 axb4 21. axb4 Be6 22. b5 Na5 23. b6 Qc8 24. c6 Nxc6 25. Ne5 Bd5 26. Bxd5 Rxd5 27. Qf3 Rxe5 28. Rxe5 Nxe5 29. Qg3 Qf5 30. Bxh6 Ra3 31. f3 Rb3 32. Rc5 Nxf3+ 0-1

[Event "DEN-ch cand"]
[Site "Svendborg"]
[Date "2022.04.14"]
[Round "3"]
[White "Hald Falkesgaard, Jeppe"]
[Black "Jacobsen, Mikkel Manosri"]
[Result "0-1"]
[WhiteElo "1947"]
[BlackElo "2240"]
[PlyCount "62"]
[EventDate "2022.04.10"]
[EventType "swiss"]
[EventRounds "7"]
[EventCountry "DEN"]
[SourceTitle "CBM 207 Extra"]
[Source "ChessBase"]
[SourceDate "2022.05.31"]
[SourceVersion "1"]
[SourceVersionDate "2022.05.31"]
[SourceQuality "1"]

1. d4 d5 2. c4 e6 3. Nc3 Bb4 4. e3 Nf6 5. Bd3 e5 6. dxe5 dxc4 7. exf6 cxd3 8. fxg7 Rg8 9. Qh5 Bxc3+ 10. bxc3 Qf6 11. Bd2 Rxg7 12. Qb5+ Nc6 13. Qxd3 Be6 14. Ne2 Ne5 15. Qe4 0-0-0 16. Nd4 Bd5 17. Qf5+ Qxf5 18. Nxf5 Bxg2 19. 0-0-0 Nd3+ 20. Kc2 Bxh1 21. Nxg7 Nxf2 22. Rf1 Be4+ 23. Kc1 Nd3+ 24. Kd1 Nb2+ 25. Kc1 Nc4 26. Rf2 Rg8 27. Rxf7 Bg6 28. Rf4 Nxd2 29. Kxd2 Rxg7 30. e4 Re7 31. Ke3 Kd7 0-1